00876nam a2200229 i 4500001000300000100002500003245016200028260008100190300002800271504002600299650003900325650004000364700002500404700002200429020001800451040000800469041000800477044000800485080001400493008004100507856009800548bg1 aWoźniak, Waldemar.00aMetodyka implementacji informatycznych systemów zarządzania w przedsiębiorstwach produkcyjnych /cWaldemar Woźniak, Sławomir Kłos, Justyna Patalas. aZielona Góra :bOficyna Wydawnicza Uniwersytetu Zielonogórskiego,c2008. a138 s. :bil. ;c24 cm. aBibliogr. s. 136-138. 9aPrzedsiębiorstwoxkomputeryzacja 9aSystemy informatyczne zarządzania1 aWoźniak, Waldemar.1 aPatalas, Justyna. a9788374812016 cBPK apol aPOL a004:658.5090818s2008 pl a f |000 0 pol  uhttp://koha.tu.koszalin.pl/cgi-bin/koha/opac-detail.pl?biblionumber=56664yKatalog online BPK